[Event "Shropshire Open"]
[Site "Telford"]
[Date "2024.01.14"]
[Round "4.11"]
[White "Berkley, Stephen"]
[Black "Freeland, Alex"]
[Result "1/2-1/2"]
[WhiteElo "1790"]
[BlackElo "2095"]
[Annotator "Van Kemenade, Rudy"]
[PlyCount "95"]
[EventDate "2024.01.12"]
[EventType "swiss"]
[EventRounds "5"]
[EventCountry "ENG"]
[SourceTitle "BritBase"]
[Source "John Saunders"]
[SourceDate "2024.04.05"]
[SourceVersion "1"]
[SourceVersionDate "2024.04.05"]
[SourceQuality "1"]

1. d4 Nf6 2. c4 e6 3. Nc3 Bb4 4. g3 {broughtback from the wilderness by
Kasparov} O-O 5. Bg2 d5 6. Nf3 b6 (6... dxc4) (6... c5 {main lines}) 7. O-O Bb7
8. Qa4 (8. Ne5 $14) (8. cxd5 $14 {main lines}) 8... Bxc3 (8... Be7 {transposes
to 61 games, 69% for Wh}) 9. bxc3 Ne4 (9... dxc4 10. Re1 Nbd7 11. Qxc4 {1.5-0.5
}) 10. Qc2 (10. cxd5 exd5 11. c4 $14 {SF16}) 10... Nd7 (10... Nc6 11. h4 Na5
12. cxd5 exd5 13. Ne5 f6 14. Nd3 Nc4 $11 {Fernandes-Leon Lopes, BRA ch Amateur
U200,2019,1/2-1/2}) 11. cxd5 exd5 12. Nd2 (12. c4 c6 13. Nh4 Re8 14. Ba3 Qf6
15. cxd5 cxd5 16. Qc7 Bc6 $11 {Shen-Lozano Osorio, ESP ch U18; Salobrena 2015,
1-0}) 12... Ndf6 13. f3 Nxd2 14. Bxd2 Re8 15. Bg5 c5 16. Rfe1 Rc8 17. Qf5 cxd4
18. Bxf6 Qxf6 19. Qxf6 gxf6 20. cxd4 Rc4 21. e3 $11 Rc3 22. Rac1 (22. f4 $11) (
22. Kf2 Ba6 $15) 22... Rcxe3 23. Rxe3 Rxe3 24. Rc7 Ba6 25. Rxa7 Re1+ 26. Kf2
Re2+ 27. Kg1 Rxa2 28. f4 Bc4 29. Rd7 Ra5 30. Rd6 Kg7 31. Rxb6 Ra1+ 32. Kf2 Rd1
33. Rb4 Rd2+ 34. Kf3 Rxd4 35. Ke3 Rd3+ 36. Kf2 Rd2+ 37. Kf3 (37. Kg1 $11) 37...
Kg6 (37... h5 $19 {SF16}) (37... f5 38. Bh3 Kg6 39. g4 Rd3+ 40. Kg2 Rc3 41.
Rb6+ Kg7 $19 {SF16}) 38. h4 (38. g4 $11 {SF16}) 38... Rd3+ (38... h5 39. Bh3 f5
40. Rb6+ f6 41. Rc6 Ra2 42. Rd6 Bd3 43. Ke3 Ra3 44. Kd4 Bc2 45. Bf1 Rxg3 $19 {
SF16}) 39. Kf2 Rb3 40. Rxb3 Bxb3 41. Ke3 Kf5 42. Bh3+ $11 Kg6 43. Bg2 Bc4 44.
Kd4 Kf5 45. Bh3+ Kg6 46. Bg2 Kf5 47. Bh3+ Kg6 48. Bg2 {(draw?)} 1/2-1/2

[Event "Shropshire Open"]
[Site "Telford"]
[Date "2024.01.14"]
[Round "4.12"]
[White "Zabrocki, Philip"]
[Black "Dooley, Max"]
[Result "1-0"]
[WhiteElo "1990"]
[BlackElo "1842"]
[Annotator "Van Kemenade, Rudy"]
[PlyCount "41"]
[EventDate "2024.01.12"]
[EventType "swiss"]
[EventRounds "5"]
[EventCountry "ENG"]
[SourceTitle "BritBase"]
[Source "John Saunders"]
[SourceDate "2024.04.05"]
[SourceVersion "1"]
[SourceVersionDate "2024.04.05"]
[SourceQuality "1"]

1. e4 c5 2. Nc3 Nc6 3. f4 g6 4. Nf3 Bg7 5. Bc4 (5. Bb5 {main}) 5... e6 6. f5
Nd4 (6... Nge7 {main}) 7. fxe6 (7. O-O {6-1-3}) 7... dxe6 {1-4-2} 8. d3 {
1 Wh win, 3 draws} (8. O-O {2 Bl wins, 1 draw}) 8... Ne7 9. O-O O-O {
transposes to 183 games- Wh usually delays the f5 sac until Bl has 0-0} 10.
Nxd4 $11 {2nd most played, 44% for Wh} (10. Bg5 $15 {most played, 40% for Wh})
(10. Kh1 $11 {5th most frequent ; scores best of all at 69% for Wh,, 5-1-2})
10... Bxd4+ $11 {3 Wh wins, 2 draws} (10... cxd4 $11 {main, 33 % for Wh over
48 games}) (10... Qxd4+ $11 {8-0-2}) 11. Kh1 Nc6 12. Bh6 Bg7 13. Bxg7 (13. Qd2
$11 {3-0}) 13... Kxg7 14. Qe1 (14. a4 Qh4 15. Qd2 Ne5 16. Bb3 h5 17. Qf2 Qxf2
18. Rxf2 b6 $17 {Sysoenko-Vatinyan, Donetsk Masters rapid 2011,1/2-1/2}) 14...
b6 (14... Qd6 15. Rd1 Bd7 $11 {SF16}) 15. Qg3 Bb7 (15... Nd4 16. Rf2 Bb7 17.
Raf1 f6 $11 {SF16}) 16. Nb5 $14 Qe7 (16... e5 17. h4 f6 $14 {SF16}) 17. Nd6
Rad8 18. e5 $16 Nd4 $2 (18... Ba8) 19. c3 $18 Nf5 $2 (19... Nc6 20. Rf2 Kh8 21.
Ne4 Nb8 22. Nf6 Nd7 23. Qg5 Rg8 24. Nxh7 $18 {SF16}) 20. Rxf5 Rxd6 21. exd6 1-0

[Event "Shropshire Open"]
[Site "Telford"]
[Date "2024.01.14"]
[Round "4.13"]
[White "Burns, Martin"]
[Black "Conway-Lees, Joe"]
[Result "1/2-1/2"]
[WhiteElo "1962"]
[BlackElo "1859"]
[Annotator "Van Kemenade, Rudy"]
[PlyCount "99"]
[EventDate "2024.01.12"]
[EventType "swiss"]
[EventRounds "5"]
[EventCountry "ENG"]
[SourceTitle "BritBase"]
[Source "John Saunders"]
[SourceDate "2024.04.05"]
[SourceVersion "1"]
[SourceVersionDate "2024.04.05"]
[SourceQuality "1"]

1. e4 c6 2. Nc3 d5 3. Nf3 dxe4 (3... Bg4 {main}) 4. Nxe4 Nf6 5. Nxf6+ (5. Qe2 {
main, when not} Nbd7 6. Nd6# {38 games- higest graded Marie SEbag, 2429, in a
Titled Tuesday blitz july 2023,1-0}) 5... exf6 6. d4 Bd6 7. Be3 (7. Bd3) (7.
Be2 {main lines}) 7... O-O 8. Qd2 Re8 9. O-O-O Nd7 {4-3-5} (9... Be6 10. Kb1 {
2-4-6}) 10. Bd3 Nf8 11. Rde1 $146 (11. Kb1 $11 {46% for Wh in 14 games}) 11...
Be6 12. Kb1 a5 $15 (12... b5 $15) 13. Nh4 g6 (13... b5 $17) 14. f4 f5 15. Nf3
f6 (15... Nd7 16. Rhg1 Nf6 $17 {SF16}) 16. Qf2 b5 17. c3 a4 18. Qc2 Qb8 19. g3
Bd5 20. Rhf1 b4 21. cxb4 Bxb4 22. Bd2 Bxd2 23. Nxd2 Ne6 24. Qc3 Qb6 25. Nf3 (
25. Nc4 Qa7 (25... Qxd4 26. Rxe6 $18) 26. Ne3 Rab8 27. Bc2 a3 28. Nxd5 cxd5 29.
Bb3 Rec8 30. Rxe6 Rxc3 31. bxc3 Qd7 32. Rfe1 Kf7 33. R6e3 g5 $17 {SF16}) 25...
Bxf3 (25... a3 26. b3 Kg7 27. Bc4 Be4+ 28. Bd3 Nc7 $19 {SF16}) 26. Rxf3 Nxd4
27. Rfe3 Rxe3 28. Rxe3 Rf8 (28... a3 29. h3 Ra7 30. g4 Kg7 31. g5 fxg5 32. fxg5
h5 $19 {SF16}) 29. Re1 $11 (29. Re7 $11) 29... Nb5 30. Qb4 Kg7 31. Bc4 Qb8 (
31... Rd8 32. Qe7+ Kh6 33. Qxf6 Rd1+ 34. Rxd1 Na3+ 35. Kc1 (35. Ka1 Nc2+ 36.
Kb1 Na3+ $11) 35... Qe3+ 36. Rd2 Qe1+ 37. Rd1 Qe3+ $11 {SF16}) 32. Qe7+ (32. a3
Kh6 33. Re6 Nd4 34. Qxb8 Rxb8 35. Rxf6 $14 {SF16}) 32... Kh6 33. Kc1 Nd6 $19
34. Be6 Ne4 35. Bd7 Qd8 (35... Rd8 $1 36. Bxf5 (36. Bxc6 Rc8 $19) (36. Rd1 Qb6
37. Qa3 Qa7 $19) 36... Re8 37. Qxe8 Qxe8 38. Rxe4 Qd8 39. Be6 Qd3 $19 {SF16})
36. Qxd8 Rxd8 37. Be6 Rd3 $15 (37... Kh5 38. g4+ Kh4 39. gxf5 Nc5 $17 {SF16})
38. Re2 Rd6 39. Bc8 Kg7 (39... c5 40. Re3 (40. Rc2 Kh5 $19) 40... c4 41. Bb7
Nc5 42. Bf3 g5 $17 {SF16}) 40. g4 (40. Rc2 h5 41. Rc4 h4 42. gxh4 Rd8 43. Rxc6
Kh6 $11 {SF16}) 40... Nc5 $15 (40... Rd4 41. gxf5 Nd6 42. Re7+ Kh6 43. fxg6
Nxc8 44. gxh7 Rd8 45. Re6 Kg6 46. Rxc6 Rh8 47. Rc7 Nd6 $17 {SF16}) 41. gxf5 (
41. Rd2 $11) 41... Nd3+ (41... Rd8 42. Re7+ Kh6 43. Rc7 Nd3+ 44. Kb1 Nxf4 45.
Rxc6 Nd5 46. Be6 Nb4 47. Rc8 Rd1+ 48. Rc1 Rd2 49. Rc3 Nd3 $15 {SF16}) 42. Kc2 (
42. Kb1 Nxf4 43. Re7+ Kh6 44. Rd7 Rd3 45. Rxd3 Nxd3 46. fxg6 hxg6 47. Kc2 Ne5
48. a3 $11 {SF16}) 42... Nxf4 (42... Nb4+ 43. Kc3 (43. Kc1 Nxa2+) (43. Kb1 Rd1#
) 43... Nd5+ 44. Kc2 Rd8 45. Be6 (45. Bb7 Rb8 46. Bxc6 Rc8 $19) 45... Nxf4 46.
Re4 Nxe6 47. fxe6 f5 $19 {SF16}) 43. Re4 (43. Re7+ Kf8 44. Rxh7 $11) 43... Nd5
44. fxg6 hxg6 45. Rxa4 Nb6 (45... f5 46. Ra7+ Kh6 47. Rd7 Rf6 48. Kd2 g5 49. h3
g4 50. hxg4 fxg4 51. Rd8 g3 52. Rg8 Ne7 53. Rxg3 Nxc8 54. Kc3 $11 {SF16}) 46.
Ra7+ Kh6 47. Rc7 Nxc8 48. Rxc8 f5 49. a4 f4 50. a5 1/2-1/2

[Event "Shropshire Open"]
[Site "Telford"]
[Date "2024.01.14"]
[Round "4.14"]
[White "Van Kemenade, Rudy"]
[Black "Tarr, Stephen"]
[Result "1-0"]
[WhiteElo "1934"]
[BlackElo "1799"]
[Annotator "Van Kemenade, Rudy"]
[PlyCount "95"]
[EventDate "2024.01.12"]
[EventType "swiss"]
[EventRounds "5"]
[EventCountry "ENG"]
[SourceTitle "BritBase"]
[Source "John Saunders"]
[SourceDate "2024.04.05"]
[SourceVersion "1"]
[SourceVersionDate "2024.04.05"]
[SourceQuality "1"]

1. e4 c5 2. Nf3 g6 (2... d6 3. Bb5+ Bd7 4. Bxd7+ Qxd7 5. O-O Nc6 6. c3 Nf6 7.
d4 cxd4 8. cxd4 g6 9. Nc3 Bg7 10. d5 Nd8 11. a4 $16 {Van Kemenade-Tarr, S
Wales Autumn Open 2013,1-0}) 3. d4 cxd4 4. Qxd4 (4. Nxd4 {main}) 4... Nf6 5.
Nc3 (5. e5 Nc6 6. Qa4 {main, 59% for Wh}) 5... Nc6 6. Qa4 Bg7 (6... d6 7. e5
dxe5 8. Nxe5 Bd7 9. Nxd7 Qxd7 10. Be3 {main, 63 % for Wh}) 7. e5 {75% for Wh}
Ng8 (7... Ng4 8. Qxg4 {6-1}) 8. Bf4 e6 $6 (8... Nh6) (8... f6 {main lines}) 9.
Ne4 (9. Nb5 {3-0}) 9... Qb6 (9... Qa5+ 10. Qxa5 Nxa5 11. Nd6+ Ke7 12. O-O-O Nh6
13. Bg5+ Kf8 14. Nxc8 Rxc8 15. Rxd7 $18 {Van Kemenade-Djulianto, online Arena
2017,1-0}) (9... h6 10. Nd6+ Kf8 11. O-O-O Nge7 12. g4 {Svoboda-Simajchi,
Ceske Budejovice 2022,1-0} (12. h4 {Thavandiran-Hortillosa, New England
Masters, Pawtuckett 2008,1-0})) 10. O-O-O (10. Nd6+ Kf8 11. O-O-O {considered
by Wh} Qxf2 12. Qa3 {missed, threatens to trap Q & a discovery ch}) (10. Bb5
Nge7 11. Nd6+ Kf8 12. O-O-O $18 {also SF16}) 10... Qb4 11. Nd6+ Ke7 12. Bb5 (
12. Qxb4 Nxb4 13. Kb1 Nc6 14. Bb5 {SF16}) 12... Qxa4 13. Bxa4 Bh6 {exchanging
Bs helps Wh} (13... h6 14. h4 b6 15. Rd2 Ba6 16. Rhd1 Kf8 17. Bxc6 dxc6 18. Ne4
$18 {SF16}) 14. Bxh6 (14. Ng5 {considered by Wh, the Engine shows how the
tactics are in Wh's favour} Nxe5 15. Bxe5 (15. h4 Nc6 16. Bxc6 dxc6 17. Ndxf7
Bxg5 18. hxg5 Kxf7 19. Be5 {SF16 also very strong}) 15... Bxg5+ 16. f4 Bf6 17.
Nxc8+ Rxc8 18. Rxd7+ Kf8 19. Rxb7 {SF16, Wh is a pawn up & Bl is scarcely
developed}) (14. Bg5+ Bxg5+ 15. Nxg5 Nxe5 16. f4 h6 17. Nxe6 Nd3+ 18. Rxd3 dxe6
19. Nxc8+ Rxc8 20. Rd7+ Kf6 21. Rxb7 $18 {SF16, is also good for Wh}) 14...
Nxh6 15. Bxc6 dxc6 16. Ng5 (16. Rd2 {SF16, just building up} b6 17. Rhd1 a5 18.
h3 Ra7 19. Ng5 $18) 16... Ng4 $5 {it looks as if Wh can virtually ignore this
single piece incursion} 17. Rde1 (17. Rhe1 Nxf2 18. Rd2 Ng4 19. Ngxf7 Rf8 20.
h3 Nh2 21. Rh1 $18 {SF16}) (17. Ngxf7 $1 Rf8 18. Rd4 h5 19. h3 c5 20. Rd2 $18 {
SF16}) 17... Nh6 18. Re4 (18. Rd1) 18... f6 19. Nxc8+ Raxc8 20. exf6+ Kxf6 21.
f4 (21. Nxe6 $18 {is simplest- Wh starting looking at attacking the K}) 21...
Rce8 22. Rhe1 e5 23. Rxe5 (23. Nf3 {is also good}) 23... Rxe5 24. Rxe5 Ng4 25.
Re6+ {starting a slide} (25. Ne4+ {considered by Wh to keep the K back} Kf7 26.
Ra5 $18 Nxh2 (26... Ra8 27. Ra3 (27. Nd6+ Kg7 28. Nxb7) 27... Ke7 (27... Nxh2
28. Rh3 Nf1 29. Rxh7+ Ke6 30. Rxb7) 28. h3 Nf6 29. Nxf6 Kxf6 30. Kd2 $18) 27.
Rxa7 $18 {SF16}) 25... Kf5 26. g3 $2 {loses a N} h6 27. Re7 {just hoping to
collect pawns in compensation} (27. Nf7 Kxe6 28. Nxh8 Kf6 {trapped N}) 27...
hxg5 28. fxg5 Rxh2 29. Rxb7 a5 $2 {Wh gets very good play now} (29... Ne3 $1
30. Rxa7 (30. c3 {just doesn't feel right} Ke4 31. a4 Rh1+ 32. Kd2 Rh2+ 33. Ke1
Nc4 34. b4 a6) 30... Rxc2+ 31. Kb1 Rg2 32. a4 Nc4 33. Rb7 Rxg3 34. Rb4 (34. b4
Ke4 35. a5 Kd4 36. Kc2 Rg2+ 37. Kd1 Ra2 38. Rg7 Ne5 $19) 34... Na5 35. Rb8 Ke4
36. Kc2 Nc4 $19 {SF16- the Wh K is still in trouble}) 30. Ra7 Ne3 (30... Ne5
31. Rxa5 Rg2 {just holding on to pawns is best- the race between the g and a
pawns should favour the g pawn, which has extra support} 32. a4 Rxg3 33. Ra8
Rxg5 34. a5 Kf4 35. a6 (35. b4 Rf5 36. Rd8 Rf7 37. c4 Ke4 38. Kb2 (38. b5 Nxc4
39. bxc6 Nxa5 40. Rc8 g5 $19)) 35... Rf5 36. a7 Rf7 37. Kd2 g5 38. Ke2 g4 39.
Kf2 g3+ 40. Kg2 Nc4 41. Re8 Rxa7 42. Rf8+ Ke4 43. Kxg3 Nxb2 {and the last Bl
pawn wins}) 31. Rxa5+ Kg4 {going for an attack on the K, but the safety of the
Bl pawns is crucial.After the text Wh was seeing at least a draw, and quite
likely winning chances with the Q side pawns} (31... Ke6 32. Rc5 Kd6 33. b4 Rg2
34. a4 Rxg3 35. a5 Nd5 36. Rc4 Rxg5 37. a6 Rf5 38. Rg4 Kc7 (38... g5) 39. Rxg6
Nxb4 40. Rg7+ Kd6 41. a7 Ra5 $19) 32. Rc5 Kf3 $11 (32... Rh1+ {best try Sf16}
33. Kd2 Nf1+ 34. Kd3 Nxg3 35. a4 Rd1+ 36. Kc4 Ne4 37. Rxc6 Kxg5 38. a5 Kf5 39.
a6 g5 40. Kb5 Ra1 41. Rc7 g4 42. Rf7+ Nf6 43. Rg7 Nh5 44. Rd7 g3 45. Rd2 Kf4 (
45... Nf4 46. Kb6 g2 47. Rxg2 Nxg2 48. a7 Ne3 49. Kb7 $11) 46. Kb6 Ke3 47. Rg2
Kf3 48. Rxg3+ Nxg3 49. a7 $11) 33. Rxc6 {a Rxg6 now assures a draw at least
for Wh} Ke2 34. b4 $16 Rg2 35. Rxg6 {deciding to have a the draw confirmed,
but makes life more difficult} (35. b5 Rxg3 36. b6 (36. Rxg6 Nc4 $11) 36...
Rxg5 37. a4 {considered, but got not much further} Rg1+ 38. Kb2 Rg4 39. Kb3 Rg1
40. c4 g5 41. a5 Ra1 42. Rg6 g4 43. Rg7 Kd3 44. Rd7+ Ke4 45. b7 Rb1+ 46. Kc3 g3
47. a6 g2 48. Rg7 Ke5 49. Rxg2 Nxg2 50. a7 $18 {Sf16}) 35... Nc4 36. Re6+ Kf3
37. Re1 (37. c3 {SF16} Rxg3 (37... Rxa2 38. g6 Rg2 39. b5 Rxg3 40. b6 Na5 41.
Re5 Nc6 42. Rc5 Rxg6 43. b7 Nb8 44. Rc8 Na6 45. Ra8 $18) 38. Rc6 Ne5 39. Rd6
Nc4 (39... Rg2 40. a4 Ke3 41. a5 Nc4 42. Rh6 Rxg5 43. Kc2 Rg2+ 44. Kb3 Nd2+ 45.
Ka4 Kd3 46. a6 Ne4 47. Ka5 Nxc3 {and the tablebases confirm this is a drawn
position})) 37... Rxg3 $11 {SF16} 38. Rd1 (38. a4 Kf2 39. Rd1 Ke2 40. Rh1 Ke3
41. a5 Rxg5 42. Rd1 Nxa5 (42... Ke2 {and Wh unable to make progress}) 43. bxa5
Rxa5 44. Kb2 $18 {tablebases}) 38... Rxg5 39. a4 Rg8 40. Rd3+ {brings the Bl K
nearer, though 3rd rank control is also important} (40. Kb1 {looks better, but
Bl can hold} Ke4 41. Ka2 Ne3 42. Rd2 Nd5 43. Ka3 Rg3+ 44. Rd3 Rxd3+ 45. cxd3+
Kxd3 $11 (45... Kd4 46. a5 Nc3 47. a6 Kd5 $11 {tablebases})) 40... Ke4 41. Kb1
Rb8 42. b5 Ra8 (42... Nb6 {seems simplest} 43. Rh3 (43. Ra3 Kd5 44. Ka2 Kc5 45.
Kb3 Rh8 46. c3 Nc4 47. Ra2 Na5+ {and Bl has a blockade}) 43... Nxa4 44. Rh4+
Kd5 45. Rxa4 Rxb5+ $11) 43. Ka2 Rxa4+ (43... Ne5 44. Rd1 Rxa4+ 45. Kb3 Ra8 {
t= Tablebases}) 44. Kb3 Nb6 45. Rd6 Ra3+ (45... Nc8 46. Rd8 Ra8 47. Kb4 Ke5 48.
c4 Ke6 49. c5 Ke7 50. Rh8 (50. Rd4 Rb8 51. c6 Nd6 52. Rd5 Ke6 53. Rh5 Rb6 54.
c7 Rb7 55. Rh6+ Kd7 56. Rh7+ Kc8 57. Kc5 Rxc7+ (57... Nxb5) ({even} 57... Rxb5+
58. Kxd6 Rb6+ 59. Kd5 Rg6)) 50... Kd7 {and Bl has come back in time}) 46. Kb4
Ra4+ $2 (46... Nc8 {is still the move that holds, though Wh can play on for a
while} 47. Rd8 Ra8 48. Kc5 Ke5 49. Re8+ Kf6 50. c4 Rb8 51. Kc6 Na7+ 52. Kd7
Rb7+ 53. Kd6 Nxb5+ 54. Kc6 Na3 55. Kxb7 Nxc4 {still a draw}) 47. Kc5 $18 Nc4 $2
{seen coming as a possibility by Wh} (47... Nc8 48. Rc6 Ra8 (48... Na7 49. Re6+
Kf5 50. Ra6) 49. b6 Ra5+ 50. Kb4 Ra6 51. Re6+ (51. Rxc8 Rxb6+ 52. Kc5 Rb1 53.
Re8+ {Bl's K gets cut off further}) 51... Kd5 52. b7 $18) 48. Rd4+ 1-0

[Event "Shropshire Open"]
[Site "Telford"]
[Date "2024.01.14"]
[Round "4.15"]
[White "Wastney, Dylan"]
[Black "Hollands, David"]
[Result "0-1"]
[WhiteElo "1907"]
[BlackElo "1917"]
[Annotator "Van Kemenade, Rudy"]
[PlyCount "150"]
[EventDate "2024.01.12"]
[EventType "swiss"]
[EventRounds "5"]
[EventCountry "ENG"]
[SourceTitle "BritBase"]
[Source "John Saunders"]
[SourceDate "2024.04.05"]
[SourceVersion "1"]
[SourceVersionDate "2024.04.05"]
[SourceQuality "1"]

1. e4 b6 2. d4 Bb7 3. Nc3 g6 (3... e6 {main}) 4. Bf4 (4. Bg5) 4... Bg7 5. Qd2
d6 6. Nf3 Nd7 7. h3 $146 (7. O-O-O $16 {1-3 main}) 7... e6 {Bl resumes the
Hippopotamous moves} 8. Bd3 Ne7 9. O-O O-O (9... h6 10. Rfe1 g5 11. Bg3 Ng6 {
is more in Hippo spirit}) 10. Rfe1 a6 11. a4 e5 12. dxe5 Nxe5 13. Nxe5 dxe5 14.
Bg5 f6 15. Bc4+ (15. Be3 Kh8 16. Rad1 $16 {SF16}) 15... Kh8 16. Qxd8 Raxd8 17.
Be3 f5 18. Bg5 Bf6 (18... Rde8 19. Rad1 h6 20. Bc1 Rd8 21. b3 $14 {SF16}) 19.
Bxf6+ Rxf6 20. f3 (20. exf5 gxf5 (20... Rxf5 21. Bd3 Rff8 22. Rxe5 $18) 21.
Rxe5 Ng6 22. Re3 Kg7 23. Rae1 $16 {SF16}) 20... f4 $11 21. Rad1 Rfd6 22. Rxd6
Rxd6 23. Rd1 Rxd1+ 24. Nxd1 Kg7 $11 25. Kf2 Kf6 26. c3 {takes a square away
from the N} a5 27. Ke2 Bc6 (27... Nc8 28. b3 Nd6 29. Bb5 c6 30. Bd3 Bc8 $15 {
SF16-Wh's B is bad}) 28. b3 g5 29. Nf2 h5 (29... Bd7 30. Ng4+ Bxg4 31. hxg4 Ng6
$11 {neither K can force a way in}) 30. Kd2 (30. Bb5 {swaps off Wh's bad B})
30... Bd7 31. Be2 Be6 $15 32. Kc2 (32. Bc4 $5 Bxc4 33. bxc4 Nc8 34. Nd1 g4 $15
{SF16}) 32... Nc6 (32... Ng6 33. c4 Ke7 34. Nd3 Kd6 35. Kd2 Nh4 36. Bf1 $15 {
Bl has a definite pull, but breaking in will be far from easy}) 33. Bb5 Nb8 34.
Be8 Bf7 (34... g4 35. Bxh5 g3 36. Ng4+ Kg7 (36... Bxg4 37. Bxg4 Na6 38. Bf5 Nc5
39. b4 Nb7 40. Bd7 $11) 37. Nxe5 Bxh3 38. Kd2 Bxg2 39. Ke2 Bh3 40. Ng6 Be6 41.
c4 Na6 42. Nxf4 Nc5 43. Kf1 Kf6 $11 {SF16}) (34... h4 35. Bb5 $11 {SF16}) 35.
Bb5 {Wh should be very happy to swap off this liability} (35. Bxf7 Kxf7 36. b4
Ke6 37. Nd3 Nd7 $11 {SF16}) 35... c6 36. Be2 Nd7 37. b4 Ke7 38. Nd3 Bc4 39. Nc1
Bxe2 (39... Be6) 40. Nxe2 Kd6 41. Kd3 c5 42. Kc4 cxb4 43. cxb4 axb4 44. Kxb4
Kc6 $11 45. Kc4 Nf6 46. Nc3 g4 47. hxg4 hxg4 48. Kb4 (48. fxg4 Nxg4 49. Nd5 Kb7
50. Kb3 Nh2 51. Kb4 f3 52. gxf3 Nxf3 $11 {SF16}) 48... g3 49. Kc4 Nh7 50. Ne2
Ng5 51. Kb4 Ne6 52. Kc4 Ng5 53. Nc1 Nf7 54. Nd3 Nd6+ 55. Kb4 Nf7 56. Kc3 Kd6
57. Kc4 Kc6 58. Nb4+ Kd6 59. Kb5 Kc7 (59... Ng5 60. Kxb6 Nxf3 61. Nc2 Nd2 62.
Ne1 Nxe4 63. a5 $11 {SF16}) 60. Nd5+ Kb7 61. Nf6 (61. Kc4 Ng5 62. Nc3 Kc6 63.
Kb4 $11 {SF16}) 61... Ng5 $19 62. Ng4 Nxf3 63. Kc4 Ne1 64. Nxe5 f3 65. Nxf3
Nxf3 66. Kd5 Ne1 67. e5 Nxg2 68. e6 Nf4+ 69. Ke4 Kc7 (69... g2) (69... Nxe6)
70. Kf3 g2 71. Kf2 Kd6 72. Kg1 Kxe6 73. Kh2 Kd5 74. Kg1 Kc4 (74... Ke4) (74...
Ke5 75. Kf2 Ke4 {SF16}) 75. Kh2 Kb4 (75... Kd3 76. a5 Ke3 77. Kg1 Kf3 78. Kh2
Kf2 {SF16}) 0-1

[Event "Shropshire Open"]
[Site "Telford"]
[Date "2024.01.14"]
[Round "4.16"]
[White "Van Kemenade, Julie"]
[Black "Holyhead, James"]
[Result "1-0"]
[WhiteElo "1617"]
[BlackElo "1676"]
[Annotator "Van Kemenade, Rudy"]
[PlyCount "49"]
[EventDate "2024.01.12"]
[EventType "swiss"]
[EventRounds "5"]
[EventCountry "ENG"]
[SourceTitle "BritBase"]
[Source "John Saunders"]
[SourceDate "2024.04.05"]
[SourceVersion "1"]
[SourceVersionDate "2024.04.05"]
[SourceQuality "1"]

1. e4 c6 2. d3 d5 3. Qe2 (3. Nd2 {main}) 3... e6 4. g3 Ne7 (4... Nf6 5. Bg2
Nbd7 6. Nf3 (6. e5) 6... Bc5 7. O-O (7. e5 Ng8 8. d4) 7... dxe4 8. dxe4 e5 $11
{J Van Kemenade-C Lewis, Shropshire Individual 2023,0-1} 9. Nbd2 {79 % for Wh})
5. Bg2 g6 6. Nf3 Bg7 7. O-O O-O {4-1} 8. Re1 (8. e5 $14 {SF16} c5 9. c3 Nec6
10. h4 h6 11. Bf4 Kh7 12. Nbd2 b5 13. Rfe1 Bb7 14. Nf1 $16 {Vantika-Molina,
Titled Tuesday int op blitz 2020,0-1}) 8... b6 (8... e5 $11) 9. e5 $16 Qc7 10.
Bf4 Ba6 11. h4 h6 12. c4 (12. a4 c5 13. Qd2 Kh7 14. c3 $16 {SF16}) 12... Rd8 (
12... dxc4 13. dxc4 c5 14. Nc3 Nbc6 15. Nb5 $16 {SF16}) 13. Nc3 Bb7 14. Rac1 (
14. Rad1 a6 15. h5 g5 16. Nxg5 hxg5 17. Bxg5 $16 {Sf16}) 14... Qd7 15. Rcd1 Na6
$18 {Bl's pieces are just too passively placed} 16. Nh2 (16. Qd2 h5 17. cxd5
Nxd5 (17... exd5 18. e6 fxe6 19. Ng5 $18) (17... cxd5 18. d4 Rac8 19. Bh3 Nb4
20. Bg5 Ba6 21. g4 $18 {Sf16}) 18. Bg5 Ne7 19. Ne4 $18 {SF16}) 16... h5 $2 {
keeps the N out, but a serious weakening of the K side} (16... Nf5 17. d4 dxc4
18. Ne4 Nxd4 19. Qe3 h5 20. Bg5 c5 21. Nf6+ Bxf6 22. Bxf6 Kh7 23. Nf3 Bxf3 24.
Bxf3 Rh8 25. Be4 Rab8 26. g4 $18 {SF16}) 17. g4 $18 f5 18. exf6 Bxf6 19. Bg3 (
19. gxh5 gxh5 20. Qxh5 $18 {SF16}) (19. Bh3 Bc8 20. gxh5 Bxh4 21. Nf3 Bf6 22.
Ne5 Qe8 23. Kh2 $18) 19... Nc7 20. Bxc7 Qxc7 21. Qxe6+ Kg7 22. g5 Bxc3 23.
Qxe7+ Qxe7 24. Rxe7+ Kg8 (24... Kf8 25. Rxb7 Bxb2 26. cxd5 cxd5 27. d4 (27. Nf1
) (27. Re1)) 25. bxc3 1-0

[Event "Shropshire Open"]
[Site "Telford"]
[Date "2024.01.14"]
[Round "5.1"]
[White "Martin, Lewis"]
[Black "Vaidyanathan, Adithya"]
[Result "0-1"]
[WhiteElo "2228"]
[BlackElo "1959"]
[Annotator "Van Kemenade, Rudy"]
[PlyCount "84"]
[EventDate "2024.01.12"]
[EventType "swiss"]
[EventRounds "5"]
[EventCountry "ENG"]
[SourceTitle "BritBase"]
[Source "John Saunders"]
[SourceDate "2024.04.05"]
[SourceVersion "1"]
[SourceVersionDate "2024.04.05"]
[SourceQuality "1"]

1. c4 c5 2. g3 g6 3. Bg2 Bg7 4. Nc3 Nc6 5. Nf3 e5 (5... e6) (5... d6 {main
lines}) 6. d3 Nge7 7. e4 {30% for Wh} (7. O-O {46% for Wh}) 7... d6 8. O-O O-O
9. a3 f5 10. Nd5 {2 draws, 6 Bl wins} (10. Rb1 {main, 30% for Wh}) 10... Nxd5
11. cxd5 Nb8 (11... Ne7 {0-5-1.5}) (11... fxe4 12. dxe4 Nd4 {1-0}) (11... Nd4
$15 {SF16}) 12. b4 $16 Na6 13. b5 (13. exf5 Bxf5 14. Ng5 Rb8 15. Ne4 $16) 13...
Nc7 14. a4 b6 $11 15. Qb3 fxe4 (15... a6 16. Bd2 Qf6 $15 {SF16}) 16. dxe4 a6
17. Bd2 (17. bxa6 Rxa6 18. Be3 $14 {SF16}) 17... Qe8 (17... axb5 18. axb5 Bd7
$11 {SF16}) 18. bxa6 Bxa6 (18... Rxa6 $11) 19. Rfb1 b5 20. Ba5 (20. axb5 Qxb5
21. Qxb5 Nxb5 22. Rxa6 Rxa6 23. Rxb5 $18 {SF16}) 20... bxa4 21. Rxa4 Nb5 (21...
Be2 $11) 22. Be1 (22. Bd2 Nd4 23. Nxd4 exd4 24. Bf4 Rb8 25. Qxb8 Qxa4 $11 {SF16
}) 22... Nc7 (22... Nd4 $17) 23. Rba1 Rb8 24. Qe3 Bc8 25. Nd2 Bd7 26. R4a2 Nb5
$11 27. Nc4 Qe7 28. Ra6 Nd4 29. Qd3 (29. Ra7 $11) 29... Rb3 (29... Bb5 $17) 30.
Qd1 Bb5 31. Ra7 Qf6 32. Nd2 (32. Bf1 Nf3+ 33. Kg2 Nxe1+ 34. Qxe1 Rb4 35. Ne3
Bxf1+ 36. Qxf1 Rb2 37. Nd1 Qf3+ 38. Kg1 Rd2 39. Ra8 Qxe4 $17 {Sf16}) 32... Rb2
$19 33. Ra8 Bh6 34. Rxf8+ Qxf8 35. Rb1 Be2 (35... Ne2+ $1 36. Kh1 Nc3 $19 {SF16
}) 36. Qc1 (36. Qa4 Rxb1 37. Nxb1 Bd3 38. Nd2 Qb8 39. h4 c4 $17 (39... Bb5) 40.
Nxc4 Qb1 41. Kh2 Qxe1 42. Nxe5 dxe5 43. d6 $11 Nf3+ 44. Bxf3 Qxf2+ 45. Bg2 Bf1
46. Qe8+ Bf8 47. Qe6+ Kh8 48. Qxe5+ Kg8 49. Qe6+ {perpetual- SF16}) 36... Rc2
37. Qa3 Bxd2 38. Qa7 Rc1 (38... Bxe1) 39. Rxc1 Bxc1 40. Ba5 Bf3 41. Bh3 Bxe4
42. f4 exf4 {SF16- mating 12 year old wins the tournament.} 0-1